[Event "Toronto NAYCC U12 Girls"]
[Site "Toronto"]
[Date "2013.08.17"]
[Round "7"]
[White "Tam, Rachel"]
[Black "Robles Ortiz, Christina"]
[Result "1-0"]
[WhiteElo "1005"]
[BlackElo "1526"]
[PlyCount "125"]
[EventDate "2013.08.14"]
[EventType "swiss"]
[EventRounds "9"]
[EventCountry "CAN"]
[SourceTitle "EXT 2022"]
[Source "ChessBase"]
[SourceDate "2021.10.06"]
[SourceVersion "1"]
[SourceVersionDate "2021.10.06"]
[SourceQuality "1"]

1. e4 e5 2. Nf3 Nc6 3. Nc3 Nf6 4. Bb5 a6 5. Bxc6 dxc6 6. Nxe5 Qd4 7. Nf3 Qd8 8. d3 Bd6 9. 0-0 h6 10. e5 0-0 11. exd6 cxd6 12. Bf4 Nh5 13. Bd2 Qf6 14. h3 Qg6 15. Kh2 d5 16. Nh4 Qd6+ 17. g3 Qe6 18. g4 d4 19. Ne2 Qd6+ 20. Ng3 Nf6 21. Re1 Nh7 22. Nhf5 Qf6 23. Nh5 Qd8 24. Nhxg7 Qf6 25. Bxh6 Qd8 26. Re4 c5 27. Re5 Qc7 28. f4 Nf6 29. g5 Nd7 30. Ne8 Qd8 31. Nf6+ Nxf6 32. gxf6 Qxf6 33. Qg4+ Kh7 34. Bxf8 Qg6 35. Qxg6+ fxg6 36. Ng3 Bf5 37. Nxf5 Rxf8 38. Re7+ Kh8 39. Nd6 Rg8 40. f5 gxf5 41. Nxf5 b5 42. Rg1 Rxg1 43. Kxg1 Kg8 44. Ra7 c4 45. Nxd4 cxd3 46. cxd3 b4 47. Rxa6 Kf7 48. a3 bxa3 49. bxa3 Ke7 50. a4 Kf7 51. Nf5 Kg8 52. d4 Kf7 53. d5 Ke8 54. h4 Kd7 55. d6 Kd8 56. d7 Kxd7 57. Nd4 Ke7 58. Rb6 Kd7 59. h5 Kc7 60. Rg6 Kd7 61. h6 Ke7 62. h7 Kf7 63. Ra6 1-0

[Event "Toronto NAYCC U12 Girls"]
[Site "Toronto"]
[Date "2013.08.16"]
[Round "4"]
[White "Trakru, Priya"]
[Black "Robles Ortiz, Christina"]
[Result "1-0"]
[WhiteElo "1911"]
[BlackElo "1526"]
[PlyCount "33"]
[EventDate "2013.08.14"]
[EventType "swiss"]
[EventRounds "9"]
[EventCountry "CAN"]
[SourceTitle "EXT 2022"]
[Source "ChessBase"]
[SourceDate "2021.10.06"]
[SourceVersion "1"]
[SourceVersionDate "2021.10.06"]
[SourceQuality "1"]

1. e4 c5 2. Nf3 d6 3. d4 cxd4 4. Nxd4 Nf6 5. Nc3 a6 6. Bg5 Nbd7 7. f3 e6 8. Qd2 Be7 9. Be2 b5 10. Nc6 Qc7 11. Nxe7 Kxe7 12. f4 Bb7 13. Bf3 Rhe8 14. Rd1 Rad8 15. e5 dxe5 16. Bxb7 Qxb7 17. Qd6# 1-0

[Event "Toronto NAYCC U12 Girls"]
[Site "Toronto"]
[Date "2013.08.15"]
[Round "2"]
[White "Palakollu, Samritha"]
[Black "Robles Ortiz, Christina"]
[Result "1-0"]
[WhiteElo "1761"]
[BlackElo "1526"]
[PlyCount "111"]
[EventDate "2013.08.14"]
[EventType "swiss"]
[EventRounds "9"]
[EventCountry "CAN"]
[SourceTitle "EXT 2022"]
[Source "ChessBase"]
[SourceDate "2021.10.06"]
[SourceVersion "1"]
[SourceVersionDate "2021.10.06"]
[SourceQuality "1"]

1. e4 c5 2. Nf3 d6 3. d4 cxd4 4. Nxd4 Nf6 5. Nc3 a6 6. Be2 e5 7. Nb3 Be6 8. Bg5 Be7 9. Bxf6 Bxf6 10. Nd5 Nd7 11. 0-0 0-0 12. Qd3 Bh4 13. Rad1 Rc8 14. c3 Rc6 15. Nd2 Nc5 16. Qc2 Nd7 17. Nc4 b5 18. Nb4 Rxc4 19. Bxc4 Bxc4 20. Rfe1 a5 21. Nd5 a4 22. b3 Bxd5 23. Rxd5 Qb6 24. g3 Be7 25. bxa4 Nf6 26. Rxb5 Qc6 27. f3 Rc8 28. Rc1 Bd8 29. Qb3 Ra8 30. Rb8 Qc5+ 31. Kg2 Rxb8 32. Qxb8 Qc7 33. Rb1 h6 34. Rb7 Nd7 35. Rxc7 Nxb8 36. Rc8 Na6 37. Rxd8+ Kh7 38. Rxd6 Nc5 39. a5 Ne6 40. a6 Nc7 41. a7 f6 42. Rd7 Na8 43. Rd8 Nb6 44. a8Q Nxa8 45. Rxa8 Kg6 46. c4 Kf7 47. Rd8 Ke7 48. Rd3 Kf7 49. c5 Kg6 50. c6 Kh7 51. c7 Kg6 52. c8Q Kh7 53. Qf5+ Kg8 54. Qg6 Kf8 55. Rd7 Kg8 56. Qxg7# 1-0